Kernel lessons intermediate : student's book /
Guardado en:
| Autor Principal: | |
|---|---|
| Formato: | Libro |
| Publicado: |
London :
Longman,
1971
|
| Materias: | |
| Etiquetas: |
Agregar Etiqueta
Sin Etiquetas, Sea el primero en etiquetar este registro!
|
| LEADER | 00651nam a22002055a 4500 | ||
|---|---|---|---|
| 001 | CEM.cems004707 | ||
| 005 | 20060217000000.0 | ||
| 008 | 130507s1971##################000#0#####d | ||
| 003 | CEMS | ||
| 082 | 0 | 4 | |a 428.64 |
| 100 | 1 | |a O Neill, Robert | |
| 245 | 1 | 0 | |a Kernel lessons intermediate : |b student's book / |
| 260 | |a London : |b Longman, |c 1971 | ||
| 300 | |a 151 p. | ||
| 653 | |a Ingles | ||
| 653 | |a Ingles 1er. año | ||
| 653 | |a Ingles-textos | ||
| 859 | |a CEMS |b BIB. CEMS - 11 de abril |h 428.64 |i On2-2 |p 13108.84 |t Ej.2 | ||
| 859 | |a CEMS |b BIB. CEMS - 11 de abril |h 428.64 |i On2-2 |p 14664.87 |t Ej.3 | ||
| 859 | |a CEMS |b BIB. CEMS - 11 de abril |h 428.64 |i On2-2 |p 7624.80 |t Ej.1 | ||
